[Event "II Open"]
[Site "San Salvador ESA"]
[Date "2003.12.10"]
[Round "2"]
[White "Golod,V"]
[Black "Olivares,D NCA"]
[Result "1-0"]
[WhiteElo "2544"]
[BlackElo "2177"]

1.d4 e6 2.c4 d5 3.Nf3 Be7 4.Nc3 Nf6 5.Bf4 O-O 6.e3 Nbd7 7.c5 c6 8.b4 Ne4
9.Nxe4 dxe4 10.Nd2 f5 11.Nc4 Nf6 12.Qd2 Nd5 13.Be5 b5 14.Na5 Qe8 15.Be2 Bd8
16.O-O h5 17.a4 Bxa5 18.bxa5 a6 19.f3 Nf6 20.Qe1 Bd7 21.Qh4 exf3 22.gxf3 Nh7
23.Kh1 g6 24.Rg1 Kf7 25.Qxh5  1-0

[Event "CGT Magistral"]
[Site "Buenos Aires ARG"]
[Date "2003.12.14"]
[Round "4"]
[White "Slipak,S"]
[Black "Zambrana,O"]
[Result "1-0"]
[WhiteElo "2503"]
[BlackElo "2404"]

1.Nf3 Nf6 2.c4 e6 3.Nc3 d5 4.d4 Be7 5.Bf4 O-O 6.e3 b6 7.cxd5 exd5 8.Bd3 Bb7
9.O-O c5 10.Rc1 Na6 11.Ne5 Nc7 12.Bg3 Ne6 13.Bb1 Ne4 14.Bxe4 cxd4 15.Bxh7+ Kxh7
16.exd4 Kg8 17.Re1 Bf6 18.Qg4 Re8 19.h4 Rc8 20.h5 Bg5 21.Rcd1 Bh6 22.Nxf7  1-0

[Event "1st GM"]
[Site "Kish IRI"]
[Date "2003.12.15"]
[Round "4"]
[White "Ghaem Maghami,E"]
[Black "Moradiabadi,E"]
[Result "1-0"]
[WhiteElo "2540"]
[BlackElo "2354"]

1.c4 e6 2.Nc3 d5 3.d4 Be7 4.Nf3 Nf6 5.Bf4 O-O 6.e3 c5 7.dxc5 Bxc5 8.a3 Nc6
9.Qc2 e5 10.Nxe5 Nxe5 11.Bxe5 Ng4 12.Bf4 d4 13.O-O-O dxc3 14.Rxd8 cxb2+ 15.Kxb2 Rxd8
16.h3 Nf6 17.Bd3 Be6 18.Bf5 Bxf5 19.Qxf5 Rd2+ 20.Kc1 Ra2 21.Kb1 Rxf2 22.Qxc5 Ne4
23.Qe7 Nc3+ 24.Kc1 b5 25.Be5 Na2+ 26.Kb1 bxc4 27.Rd1 Rb8+ 28.Ka1  1-0

[Event "6th Masters"]
[Site "Belfort FRA"]
[Date "2003.12.20"]
[Round "6"]
[White "Tregubov,P"]
[Black "Hamdouchi,H"]
[Result "1-0"]
[WhiteElo "2635"]
[BlackElo "2588"]

1.d4 e6 2.c4 d5 3.Nf3 Nf6 4.Nc3 Be7 5.Bf4 O-O 6.e3 c5 7.dxc5 Bxc5 8.a3 Nc6
9.Qc2 Qa5 10.Rd1 Ne4 11.cxd5 exd5 12.Rxd5 Nxc3 13.bxc3 Qxa3 14.Bc4 Be7 15.O-O Be6
16.Rh5 g6 17.Bxe6 gxh5 18.Ba2 Kg7 19.Bb1 f5 20.Nd4 Nxd4 21.exd4 Bd6 22.Bc1 Qa6
23.Qd1 Bc7 24.Qxh5 Qg6 25.Qf3 Kh8 26.c4 Rae8 27.Bb2 h5 28.h3 Rf7 29.Rd1 Rfe7
30.Bc3 Rf7 31.c5 Kh7 32.Bc2 Qg5 33.Bb3 Rg7 34.Bc2 Kh6 35.d5 Be5 36.Bxe5 Rxe5
37.d6 Rxc5 38.d7 Rg8 39.Rd6+ Kh7 40.Qxb7 Rxc2  1-0

[Event "6th Masters"]
[Site "Belfort FRA"]
[Date "2003.12.21"]
[Round "7"]
[White "Le Roux,JP"]
[Black "Tregubov,P"]
[Result "1/2-1/2"]
[WhiteElo "2480"]
[BlackElo "2635"]

1.d4 d5 2.c4 e6 3.Nc3 Be7 4.Nf3 Nf6 5.Bf4 O-O 6.e3 c5 7.dxc5 Bxc5 8.cxd5 Nxd5
9.Nxd5 exd5 10.Bd3 Bb4+ 11.Nd2 d4 12.e4 Nc6 13.O-O f5 14.a3 Bxd2 15.Qxd2 Qf6
16.Rfe1 h6 17.exf5 Bxf5 18.Bg3 Rfe8 19.b4 a6 20.a4 Bxd3 21.Qxd3 Kh8 22.b5 Nb4
23.Qd2 a5 24.Bc7 d3 25.Bxa5 Nc2 26.Bc3 Qg6 27.Rxe8+ Rxe8 28.Rd1 Rd8 29.h3 Nd4
30.Bxd4 Rxd4 31.a5 Rd5 32.b6 Qc6 33.Rc1 Qb5 34.Rd1 Qa4 35.Rc1 Qxa5 36.Qxa5 Rxa5
37.Rc8+ Kh7 38.Rd8 Ra1+ 39.Kh2 Ra3 40.Rd6 Rb3 41.f3 Kg8 42.Kg3 Kf7 43.Kf4 Ke7
44.Rd4 Rxb6 45.Rxd3 Rf6+ 46.Ke5 Re6+ 47.Kf5 Rf6+ 48.Ke5 Rg6 49.g4 Re6+ 50.Kf5 g6+
51.Kf4 g5+ 52.Kg3 b5 53.h4 b4 54.hxg5 hxg5 55.Rd5 Rb6 56.Rxg5 b3 57.Re5+ Kf6
58.Re1 b2 59.Rb1 Ke5 60.f4+ Ke4 61.f5 Ke5  1/2-1/2

[Event "ch-Commonwealth"]
[Site "Mumbai IND"]
[Date "2004.01.11"]
[Round "2"]
[White "Koneru,H"]
[Black "Neelakantan,N"]
[Result "1-0"]
[WhiteElo "2498"]
[BlackElo "2183"]

1.d4 Nf6 2.Nf3 d5 3.c4 e6 4.Nc3 Be7 5.Bf4 c5 6.dxc5 Bxc5 7.e3 Nc6 8.a3 O-O
9.Be2 a6 10.Qc2 dxc4 11.Bxc4 b5 12.Bd3 Bb7 13.Ne4 Bb4+ 14.Ke2 Rc8 15.Nxf6+ Qxf6
16.Qb1 Ba5 17.Bxh7+ Kh8 18.Be4 e5 19.Nxe5 Rfe8 20.Bxc6 Bxc6 21.Nxc6 Rxc6
22.Bg3 Rec8 23.Rd1 Rc2+ 24.Kf1 Rxb2 25.Qe4 Rcc2 26.Kg1 Bc7 27.Rac1 Qc3 28.Rxc2 Qxc2
29.Qxc2 Rxc2 30.Bxc7 Rxc7 31.Kf1 Rc3 32.a4 b4 33.Rd8+ Kh7 34.Rb8 a5 35.Rb5 b3
36.g3 Kg6 37.Kg2 Rc4 38.Rxb3 Rxa4 39.Rb8 Ra2 40.g4 Kf6 41.h4 Ke6 42.h5 a4
43.Ra8 a3 44.g5 Ra1 45.h6 gxh6 46.gxh6 Rb1 47.Rxa3 Rb5 48.e4 Rh5 49.Rh3 Rxh3
50.Kxh3 Kf6 51.Kg4 Kg6 52.e5 Kxh6 53.Kf5 Kg7 54.f4  1-0

[Event "ch-Commonwealth"]
[Site "Mumbai IND"]
[Date "2004.01.12"]
[Round "3"]
[White "Sriram,J"]
[Black "Mohota,N"]
[Result "1/2-1/2"]
[WhiteElo "2450"]
[BlackElo "2337"]

1.d4 d5 2.c4 e6 3.Nc3 Be7 4.Nf3 Nf6 5.Bf4 c6 6.e3 Nbd7 7.c5 Nh5 8.Bd3 Nxf4
9.exf4 b6 10.b4 a5 11.a3 Qc7 12.g3 bxc5 13.bxc5 Ba6 14.Bxa6 Rxa6 15.O-O g6
16.Ne5 Bf6 17.Qd3 Bxe5 18.fxe5 Ra8 19.Rab1 O-O 20.Rb2 Rfb8 21.Rfb1 Rxb2 22.Rxb2 Rb8
23.Rxb8+ Qxb8 24.Qa6 Nxe5 25.dxe5 d4 26.Ne2 Qb1+ 27.Kg2 Qe4+ 28.f3 Qc2 29.Kh3 Qf5+
30.Kg2  1/2-1/2

[Event "TCh-BEL 2003-4"]
[Site "Belgium BEL"]
[Date "2004.01.18"]
[Round "7"]
[White "Miton,K"]
[Black "Vaganian,R"]
[Result "1-0"]
[WhiteElo "2543"]
[BlackElo "2623"]

1.d4 e6 2.c4 d5 3.Nc3 Be7 4.Nf3 Nf6 5.Bf4 O-O 6.e3 Nbd7 7.c5 c6 8.h3 b6 9.b4 a5
10.a3 Ba6 11.Bxa6 Rxa6 12.b5 cxb5 13.c6 Qc8 14.c7 b4 15.Nb5 a4 16.Rc1 Ne4
17.Nd2 Nc3 18.Nxc3 bxc3 19.Rxc3 b5 20.Qe2 b4 21.axb4 Bxb4 22.Rc2 Nb6 23.O-O Bxd2
24.Qxd2 Nc4 25.Qb4 a3 26.e4 Qa8 27.exd5 exd5 28.Re1 Re6 29.Ra1 Rc8 30.Qc5 Ra6
31.Rb1 Rb6 32.Rxb6 Nxb6 33.Qxb6 a2 34.Rxa2 Qxa2 35.Qd6 Qa8 36.h4 h5 37.Qd7 Re8
38.Kh2 f6 39.Qf5 Qc6 40.Qxh5 Qe6 41.Qg6 Ra8 42.h5 Kf8 43.h6 gxh6 44.Be5 Rc8
45.Qxh6+ Ke8 46.Bxf6 Rxc7 47.Qh8+ Kd7 48.Be5 Rc8 49.Qh7+ Kc6 50.f4 Rf8 51.Qc7+  1-0

[Event "GMB"]
[Site "Wijk aan Zee NED"]
[Date "2004.01.20"]
[Round "9"]
[White "Nakamura,H"]
[Black "Bruzon,L"]
[Result "1-0"]
[WhiteElo "2571"]
[BlackElo "2603"]

1.c4 e6 2.Nc3 d5 3.d4 Nf6 4.Nf3 Be7 5.Bf4 O-O 6.e3 Nbd7 7.c5 c6 8.Bd3 b6
9.b4 a5 10.a3 Ba6 11.O-O Qc8 12.h3 Qb7 13.Qc2 Bxd3 14.Qxd3 Ra7 15.Nd2 Rfa8
16.Rab1 axb4 17.axb4 Ra3 18.Qc2 Bd8 19.Nb3 Bc7 20.Bxc7 Qxc7 21.b5 Rc8 22.Rfc1 Raa8
23.Qe2 Qd8 24.bxc6 Rxc6 25.Qb5 Rcc8 26.c6 Nb8 27.Na4 Ra6 28.Nd2 Qc7 29.Nxb6 Rd8
30.Nf3 Ne4 31.Ne5 Nd6 32.Qb3 f6 33.Nd3 Ne4 34.Nf4 Nd2 35.Nxe6 Nxb3 36.Nxc7 Rxb6
37.Nxd5  1-0

[Event "1st WinTV Open"]
[Site "Chennai IND"]
[Date "2004.01.23"]
[Round "4"]
[White "Murugan,K"]
[Black "Srikar,K"]
[Result "1-0"]
[WhiteElo "2390"]
[BlackElo "2173"]

1.d4 Nf6 2.c4 e6 3.Nf3 d5 4.Nc3 Be7 5.Bf4 O-O 6.e3 c5 7.dxc5 Bxc5 8.Qc2 Nc6
9.a3 dxc4 10.Bxc4 b6 11.Rd1 Bd7 12.Ba6 Qe7 13.O-O e5 14.Bg5 Be6 15.Ne4 Rad8
16.b4 Nb8 17.Bd3 Bd6 18.Nxf6+ gxf6 19.Bh6 Rfe8 20.Bxh7+ Kh8 21.Qe4 Qc7 22.Qh4 Kxh7
23.Bg5+ Kg6 24.Qh6+ Kf5 25.Nh4+ Ke4 26.f3+  1-0

[Event "ch-Kiev"]
[Site "Kiev UKR"]
[Date "2004.01.23"]
[Round "6"]
[White "Shishkin,Va"]
[Black "Malakhatko,V"]
[Result "1/2-1/2"]
[WhiteElo "2458"]
[BlackElo "2543"]

1.d4 d5 2.c4 e6 3.Nc3 Be7 4.Nf3 Nf6 5.Bf4 O-O 6.e3 b6 7.Bd3 dxc4 8.Bxc4 Bb7
9.O-O a6 10.Rc1 Nbd7 11.h3 b5  1/2-1/2

[Event "Winter Open"]
[Site "Belgrade SCG"]
[Date "2004.01.24"]
[Round "4"]
[White "Lundin,J"]
[Black "Visnjic,M"]
[Result "1-0"]
[WhiteElo "2224"]
[BlackElo "2033"]

1.d4 d5 2.c4 e6 3.Nc3 Nf6 4.Nf3 Be7 5.Bf4 c6 6.e3 O-O 7.Qc2 Nbd7 8.O-O-O b6
9.Bd3 Bb7 10.Ng5 h6 11.h4 dxc4 12.Bxc4 Nd5 13.Qh7+  1-0

[Event "ch-Kiev"]
[Site "Kiev UKR"]
[Date "2004.01.24"]
[Round "7"]
[White "Malakhatko,V"]
[Black "Galinsky,T"]
[Result "1/2-1/2"]
[WhiteElo "2543"]
[BlackElo "2430"]

1.d4 d5 2.c4 e6 3.Nc3 Nf6 4.Nf3 Be7 5.Bf4 O-O 6.e3 b6 7.cxd5 Nxd5 8.Nxd5 exd5
9.Bd3 c5 10.O-O Nc6 11.dxc5 bxc5 12.Rc1 Be6 13.Qa4 Nb4 14.Bb1 Bd7 15.Qd1 Be6
16.Ne5 Rc8 17.Qh5 g6 18.Nxg6 fxg6 19.Bxg6 Rf7 20.Bxh7+ Rxh7 21.Qg6+ Rg7 22.Qxe6+ Rf7
23.a3 Rc6 24.Qg4+ Rg7 25.Qe2 Na6 26.Rfd1 Nc7 27.b4 c4 28.e4 Re6 29.Bxc7 Qxc7
30.Rxd5 c3 31.e5 Bg5 32.Rc5 Bxc1 33.Rxc7 Rxc7 34.Qg4+ Kf7 35.Qf5+ Ke7 36.Qh7+ Kd8
37.Qg8+ Re8 38.Qd5+ Rd7 39.Qa5+ Rc7  1/2-1/2

[Event "TCh-AUT 2003-4"]
[Site "Velden AUT"]
[Date "2004.01.24"]
[Round "6"]
[White "Herndl,H"]
[Black "Perhinig,R"]
[Result "0-1"]
[WhiteElo "2313"]
[BlackElo "2228"]

1.d4 d5 2.c4 e6 3.Nc3 Nf6 4.Nf3 Be7 5.Bf4 O-O 6.e3 a6 7.Qc2 dxc4 8.Bxc4 b5
9.Bd3 Bb7 10.O-O-O Nbd7 11.e4 g6 12.e5 Nd5 13.Nxd5 Bxd5 14.Bh6 Re8 15.Qd2 c5
16.h4 cxd4 17.Kb1 Nc5 18.Ng5 Nxd3 19.Qxd3 Qa5 20.b3 Rac8 21.Qxd4 Rc2 22.Kxc2 Qxa2+
23.Kd3 Qxb3+ 24.Ke2 Bc4+ 25.Qxc4 Qxc4+ 26.Kf3 Qc3+ 27.Kf4 f6 28.exf6 Qxf6+
29.Kg3 Bf8 30.Bxf8 Rxf8 31.f3 h6 32.Ne4 Qf4+ 33.Kf2  0-1

[Event "TCh-AUT 2003-4"]
[Site "Velden AUT"]
[Date "2004.01.24"]
[Round "6"]
[White "Schroll,G"]
[Black "Steflitsch,E"]
[Result "1/2-1/2"]
[WhiteElo "2404"]
[BlackElo "2388"]

1.d4 Nf6 2.Nf3 d5 3.c4 e6 4.Nc3 Be7 5.Bf4 O-O 6.e3 Nbd7 7.Qc2 dxc4 8.Bxc4 c5
9.dxc5 Bxc5 10.O-O Qe7 11.e4 Nb6 12.Bb3 h6 13.Rac1 Bb4 14.Bd2 Bd7 15.a3 Bxc3
16.Bxc3 Rfc8 17.Ne5 Qe8 18.Nxd7 Nfxd7 19.Qe2 Nc5 20.Ba2 Nba4 21.Be5 Nd7 22.Bd4 Rxc1
23.Rxc1 Rc8 24.Rxc8 Qxc8 25.Qd2 Nab6 26.h3 Qc6 27.f3 a6 28.b4 Qd6 29.Be3 Qxd2
30.Bxd2 Kf8 31.Bb3 Ke7 32.Bc3 f6 33.Kf2 Nc8 34.a4 Nd6 35.Ke3 Nb6 36.Kd3 Nd7
37.f4 e5 38.f5 Nb6 39.Bd2 Nd7 40.Be3 Kd8 41.g4 Kc7 42.h4 Kd8 43.Be6 Kc7 44.a5 Kc6
45.Bxd7+ Kxd7 46.Bc5 Kc6 47.Bxd6 Kxd6 48.Kc4 Kc6 49.b5+ axb5+ 50.Kb4 Kc7
51.Kxb5 Kb8 52.a6 bxa6+ 53.Kxa6 Kc7 54.Kb5 Kd6 55.Kb6 Kd7 56.Kc5 Kc7 57.Kd5 Kd7  1/2-1/2

[Event "Testa GM"]
[Site "Griesheim GER"]
[Date "2004.01.26"]
[Round "7"]
[White "Savchenko,S"]
[Black "Prusikin,M"]
[Result "1/2-1/2"]
[WhiteElo "2543"]
[BlackElo "2519"]

1.d4 Nf6 2.Nf3 d5 3.c4 e6 4.Nc3 Be7 5.Bf4 O-O 6.e3 Nbd7 7.a3 dxc4 8.Bxc4 Nb6
9.Bd3 Nbd5 10.Be5 Nxc3 11.bxc3 c5 12.O-O b6 13.Qb1 Kh8 14.a4 Bb7 15.Bxf6 Bxf6
16.Be4 Qe7 17.Bxb7 Qxb7 18.Qb5 a6 19.Qb3 Rfc8 20.Rab1 cxd4 21.cxd4 Rc6 22.h3 h6
23.Rfc1  1/2-1/2

[Event "Gibraltar Masters"]
[Site "Catalan Bay ENG"]
[Date "2004.01.29"]
[Round "3"]
[White "Lalic,B"]
[Black "Short,N"]
[Result "1/2-1/2"]
[WhiteElo "2518"]
[BlackElo "2702"]

1.d4 e6 2.c4 Nf6 3.Nf3 d5 4.Nc3 Be7 5.Bf4 O-O 6.e3 c5 7.dxc5 Bxc5 8.a3 Nc6
9.cxd5 Nxd5 10.Nxd5 exd5 11.Bd3 Bb6 12.O-O d4 13.exd4 Nxd4 14.Be5  1/2-1/2

[Event "TCh-FRA Nat1 GpB"]
[Site "Cannes FRA"]
[Date "2004.01.30"]
[Round "1"]
[White "Gozzoli,Y"]
[Black "Marciano,D"]
[Result "0-1"]
[WhiteElo "2430"]
[BlackElo "2514"]

1.d4 d5 2.c4 e6 3.Nc3 Be7 4.Nf3 Nf6 5.Bf4 O-O 6.e3 c5 7.dxc5 Bxc5 8.a3 Nc6
9.Qc2 Qa5 10.Nd2 Be7 11.Bg3 Bd7 12.Be2 Rfc8 13.O-O Qd8 14.Rad1 Na5 15.Be5 dxc4
16.Nde4 Nxe4 17.Nxe4 b6 18.Qc3 f6 19.Bg4 fxe5 20.Bxe6+ Bxe6 21.Rxd8+ Bxd8
22.Qxe5 Bf7 23.f4 c3 24.bxc3 Nc4 25.Qb5 a6 26.Qd7 h6 27.Rf3 Bh4 28.Qg4 Re8
29.f5 Bg5 30.Nxg5 Ne5 31.Qh3 hxg5 32.Rg3 Rad8 33.Rxg5 Rd1+ 34.Kf2 Nd3+  0-1

[Event "Gibraltar Masters"]
[Site "Catalan Bay ENG"]
[Date "2004.02.02"]
[Round "7"]
[White "Dreev,A"]
[Black "Short,N"]
[Result "1/2-1/2"]
[WhiteElo "2682"]
[BlackElo "2702"]

1.d4 Nf6 2.c4 e6 3.Nf3 d5 4.Nc3 Be7 5.Bf4 O-O 6.e3 c5 7.dxc5 Bxc5 8.cxd5 Nxd5
9.Nxd5 exd5 10.a3 Nc6 11.Bd3 Bb6 12.O-O d4 13.Qc2 h6 14.e4 Bg4 15.Ne5 Nxe5
16.Bxe5 Re8 17.Bg3 Rc8 18.Qd2 Ba5 19.Qf4 Qg5 20.Rac1 Qxf4 21.Bxf4 g5 22.Rxc8 Rxc8
23.Be5 Be6 24.Ra1 Bb3 25.Kf1 Bb6 26.f3 a5 27.Bg3 a4 28.Be1 Rc6 29.Bd2 Bc7
30.g3 b5 31.Ke2 Bc4 32.Rd1 f6 33.Bb4  1/2-1/2

[Event "TCh-SWE 2003-4"]
[Site "Malmo SWE"]
[Date "2004.02.07"]
[Round "7"]
[White "Landgren,P"]
[Black "Ahlander,B"]
[Result "1/2-1/2"]
[WhiteElo "2239"]
[BlackElo "2407"]

1.d4 Nf6 2.c4 e6 3.Nf3 d5 4.Nc3 Be7 5.Bf4 O-O 6.e3 c5 7.dxc5 Bxc5 8.cxd5 Nxd5
9.Nxd5 exd5 10.a3 Nc6 11.Bd3 Bb6 12.O-O Bg4 13.h3 Bxf3 14.Qxf3 d4 15.e4 Re8
16.Qg3 Qe7 17.Rae1 f6 18.e5 fxe5 19.Bxe5 Nxe5 20.f4 Bc7 21.fxe5 Bxe5 22.Qf3 Qd6
23.Qf7+ Kh8 24.Qh5 g6 25.Bxg6 Bh2+ 26.Kh1 Qxg6 27.Qxg6 hxg6 28.Kxh2 Kg7 29.Kg3 Rac8
30.Rxe8 Rxe8 31.Rd1 Re2 32.b4 Re3+ 33.Kf4 Rxa3 34.Rxd4 b6 35.h4 Kh6 36.g4 Rb3
37.Ke5 Rh3 38.h5 gxh5 39.Rd6+ Kg5 40.gxh5 Rxh5 41.Rd7 Kg6+  1/2-1/2

[Event "AS04 Centenary"]
[Site "Copenhagen DEN"]
[Date "2004.02.08"]
[Round "2"]
[White "Pogorelov,R"]
[Black "Nielsen,Bo"]
[Result "1-0"]
[WhiteElo "2451"]
[BlackElo "2132"]

1.Nf3 d5 2.d4 Nf6 3.c4 e6 4.Nc3 Be7 5.Bf4 c6 6.e3 O-O 7.h3 Nbd7 8.c5 Nh5
9.Bh2 f5 10.Bd3 g6 11.O-O b5 12.b4 a5 13.a3 Bb7 14.Nd2 a4 15.Nf3 Ndf6 16.Ne5 Ne4
17.Nxe4 fxe4 18.Be2 Nf6 19.Bg4 Qc8 20.h4 Kg7 21.Bh3 Ra7 22.f3 Ba8 23.fxe4 dxe4
24.Qe2 h5 25.Rf2 Nh7 26.Rxf8 Nxf8 27.g4 hxg4 28.Qxg4 Bf6 29.Kh1 Qe8 30.Rg1 Kh7
31.Bg2  1-0

[Event "12th Aosta Open"]
[Site "St Vincent ITA"]
[Date "2004.02.13"]
[Round "7"]
[White "Mchedlishvili,M"]
[Black "Efimov,I"]
[Result "0-1"]
[WhiteElo "2557"]
[BlackElo "2505"]

1.d4 e6 2.c4 d5 3.Nf3 Nf6 4.Nc3 Be7 5.Bf4 O-O 6.e3 Nbd7 7.c5 c6 8.h3 b6 9.b4 bxc5
10.bxc5 Qa5 11.Qd2 Bb7 12.Rb1 Bc8 13.Bd3 Bd8 14.O-O Ba6 15.Bxa6 Qxa6 16.Rb3 Ne8
17.Rfb1 Bc7 18.Qe2 Qc8 19.Bxc7 Nxc7 20.e4 Re8 21.Qd2 h6 22.exd5 exd5 23.Ne2 Qa6
24.Ng3 Nb5 25.Nf5 Re6 26.N3h4 Nf6 27.Rg3 Nh5 28.Rg4 Kf8 29.Nf3 Rae8 30.Ne5 Qc8
31.Rh4 Rxe5 32.Nxg7 Re2 33.Qxh6 Nxg7 34.Qf6 Kg8 35.Qh6 f5 36.Qh7+ Kf7  0-1

[Event "AS04 Centenary"]
[Site "Copenhagen DEN"]
[Date "2004.02.14"]
[Round "8"]
[White "Pogorelov,R"]
[Black "Royset,P"]
[Result "1-0"]
[WhiteElo "2451"]
[BlackElo "2254"]

1.Nf3 Nf6 2.c4 e6 3.Nc3 d5 4.d4 Be7 5.Bf4 O-O 6.e3 c5 7.dxc5 Nc6 8.cxd5 exd5
9.Be2 Bxc5 10.O-O Be6 11.Ne5 Bd6 12.Nxc6 bxc6 13.Qa4 Bxf4 14.Qxf4 Rb8 15.b3 Qa5
16.Rfc1 Rb4 17.Qd6 c5 18.Qa6 Qxa6 19.Bxa6 c4 20.bxc4 dxc4 21.Ne2 Ne4 22.Nd4 Nd6
23.a4 Bd5 24.Bb5 Rc8 25.f3 Rc7 26.Rd1 Rb2 27.Nc6 c3 28.Rxd5 c2 29.Rf1 Nb7
30.Rd3 g6 31.Rc3 Na5 32.Rc1 a6 33.R3xc2 Rxc2 34.Rxc2 axb5 35.axb5 Kf8 36.Kf2 Nxc6
37.bxc6 Ke7 38.Kg3 Kd6 39.Kf4 f6 40.e4 h6 41.h4  1-0

[Event "1st Balagne Open"]
[Site "Calvi FRA"]
[Date "2004.02.22"]
[Round "2"]
[White "Bicchierai,G"]
[Black "Barsov,A"]
[Result "0-1"]
[WhiteElo "2095"]
[BlackElo "2524"]

1.Nf3 d5 2.d4 Nf6 3.c4 e6 4.Nc3 Be7 5.Bf4 O-O 6.e3 c5 7.dxc5 Bxc5 8.a3 Nc6
9.Qc2 Qa5 10.O-O-O Be7 11.h4 a6 12.cxd5 exd5 13.Ng5 Rd8 14.e4 Nxe4 15.Rxd5 Rxd5
16.Qxe4 Rxg5 17.hxg5 Bf5 18.Qd5 Rc8 19.g4 Bg6 20.Qxa5 Nxa5 21.Rh3 Nb3+ 22.Kd1 Rd8+
23.Ke1 Nd4 24.Bc4 Nc2+ 25.Kf1 Rd4 26.Nd5 Bc5 27.Ba2 Rd1+ 28.Ke2 Ra1 29.Rc3 Nd4+
30.Kd2 Rxa2 31.Bd6 Rxb2+ 32.Kc1 Ne2+ 33.Kxb2 Nxc3 34.Ne7+ Kh8 35.Bxc5 Na4+
36.Kb3 Nxc5+ 37.Kc4 Ne6  0-1

[Event "20th Open"]
[Site "Cappelle la Grande FRA"]
[Date "2004.02.28"]
[Round "1"]
[White "Svetushkin,D"]
[Black "Libiszewski,F"]
[Result "1-0"]
[WhiteElo "2553"]
[BlackElo "2451"]

1.d4 d5 2.c4 e6 3.Nc3 Be7 4.Nf3 Nf6 5.Bf4 O-O 6.e3 c5 7.dxc5 Bxc5 8.cxd5 Nxd5
9.Nxd5 exd5 10.Bd3 Nc6 11.Bxh7+ Kxh7 12.Qc2+ Kg8 13.Qxc5 Bg4 14.Ne5 Nxe5
15.Bxe5 Qb6 16.Qxb6 axb6 17.a3 Rfc8 18.Bc3 Rc6 19.f3 Be6 20.h4 f5 21.Kf2 Bf7
22.Rad1 Re8 23.Rd2 Rh6 24.Bd4 Rc8 25.Kg3 Rcc6 26.Kf4 Rh5 27.Rdd1 Rch6 28.Rc1 Be6
29.Rc7 Rh7 30.Rhc1 Rxh4+ 31.Ke5 R7h6 32.Re7  1-0

[Event "ch-TUR"]
[Site "Kusadasi TUR"]
[Date "2004.03.05"]
[Round "9"]
[White "Esen,B"]
[Black "Erencek,E"]
[Result "1-0"]
[WhiteElo "2263"]
[BlackElo "2034"]

1.Nf3 e6 2.c4 Nf6 3.Nc3 d5 4.d4 Be7 5.Bf4 O-O 6.e3 Bb4 7.a3 Bxc3+ 8.bxc3 c5
9.Qc2 Qa5 10.Bd6 Ne4 11.Bxf8 Kxf8 12.Nd2 cxd4 13.cxd4 Nc6 14.cxd5 exd5 15.f3 Nxd2
16.Qxd2 Qxd2+ 17.Kxd2 Ke7 18.Bd3 Be6 19.Rab1 b6 20.Ba6 Rd8 21.Rhc1 Kd6 22.Rc3 Bf5
23.Rbc1 Na5 24.Ke2 Re8 25.Bb5 Rd8 26.Rc7 Bd7 27.Bxd7 Rxd7 28.Rxd7+ Kxd7 29.Kd3 f5
30.e4 fxe4+ 31.fxe4 dxe4+ 32.Kxe4 b5 33.Kd5 Nc4 34.Rxc4 bxc4 35.Kxc4 Kc6
36.d5+ Kd6 37.h4 g6 38.a4 h6 39.g4 g5 40.h5 Kd7 41.Kc5 Kc7 42.a5 Kd7 43.d6 a6
44.Kd5 Kd8 45.Ke6 Ke8 46.Kf6 Kd7 47.Kg6  1-0

[Event "Degremont GP"]
[Site "Clichy FRA"]
[Date "2004.03.14"]
[Round "3.2"]
[White "Tregubov,P"]
[Black "Collas,D"]
[Result "1-0"]
[WhiteElo "2628"]
[BlackElo "2436"]

1.d4 d5 2.Nf3 Nf6 3.c4 e6 4.Nc3 Be7 5.Bf4 O-O 6.e3 c5 7.dxc5 Bxc5 8.a3 dxc4
9.Bxc4 a6 10.Qe2 b5 11.Bd3 Bb7 12.O-O Nbd7 13.Rfd1 Qb6 14.b4 Be7 15.e4 Rac8
16.Rac1 Qa7 17.Bg5 h6 18.Bh4 Rfd8 19.h3 Qb8 20.Bg3 Qa8 21.Ne1 Nf8 22.e5 Nd5
23.Ne4 Ng6 24.Rxc8 Rxc8 25.Qd2 Rd8 26.Nd6 Bg5 27.Qc2 Ngf4 28.Bh7+ Kf8 29.Be4 Bc6
30.h4 Nc3 31.Bxf4 Bxe4 32.Qxc3 Bxf4 33.g3 Bxe5 34.Qxe5 Bd5 35.Qf4 f5 36.Nc2 Qc6
37.Nxf5 exf5 38.Ne3  1-0

[Event "SFch-NED"]
[Site "Leeuwarden NED"]
[Date "2004.03.14"]
[Round "2.2"]
[White "Delemarre,J"]
[Black "Tondivar,B"]
[Result "0-1"]
[WhiteElo "2464"]
[BlackElo "2304"]

1.d4 d5 2.c4 e6 3.Nf3 Nf6 4.Nc3 Be7 5.Bf4 O-O 6.e3 c5 7.dxc5 Bxc5 8.cxd5 Nxd5
9.Nxd5 exd5 10.a3 Nc6 11.Bd3 Bb6 12.O-O d4 13.e4 Bg4 14.h3 Qf6 15.hxg4 Qxf4
16.Nh2 Rac8 17.g3 Qh6 18.Nf3 Qe6 19.Ng5 Qe7 20.Nh3 Bc7 21.f4 Bb6 22.Qe2 Na5
23.Kg2 Nb3 24.Rad1 Nc5 25.e5 Nxd3 26.Qxd3 h6 27.g5 Rc6 28.gxh6 Rxh6 29.Ng5 Qd7
30.Rh1 Qd5+ 31.Qf3 Qxf3+ 32.Kxf3 Rxh1 33.Rxh1 Rc8 34.Rh2 Rc1 35.f5 f6 36.exf6 gxf6
37.Ne4 Kg7 38.Rd2 Rf1+ 39.Kg4 Re1 40.Nd6 Re7 41.Nc4 Rd7 42.Nxb6 axb6 43.Rd3 b5
44.Kf4 Rd8 45.g4 Rd7 46.Ke4 Kh6 47.Rh3+ Kg7 48.Kd3 Rd6 49.Rh2 Rd7 50.Rh1 Rd5
51.Rh5 Rd8 52.g5 fxg5 53.Rxg5+ Kf6 54.Rg6+ Kxf5 55.Rb6 Rd5 56.Rxb7 Ke5 57.Rb6 Rc5
58.Rh6 Rd5 59.Rh4 Rc5 60.Rxd4 Ke6 61.Rd8 Ke7 62.Rd4 Ke6 63.Ke3 Ke5 64.Rd3 Rc2
65.Rb3 Rc5 66.Kd3 Kd6 67.Rc3 Rh5 68.Kc2 Rh4 69.Kb3 Rg4 70.Rd3+ Kc5 71.Rh3 Kb6
72.Re3 Rh4 73.Kc3 Rc4+ 74.Kb3 Rh4 75.Rd3 Rg4 76.Kc3 Rc4+ 77.Kb3 Rh4 78.Rd8 Rh3+
79.Kb4 Rh4+ 80.Kc3 Rc4+ 81.Kd3 Rc6 82.Kd4 Rc2 83.Rb8+ Ka6 84.b3 Rc1 85.Kd3 Rc5
86.Kd4 Rc1 87.Kd5 Rc3 88.b4 Rh3 89.Re8 Rh5+ 90.Kc6 Rh6+ 91.Kc7 Rh7+ 92.Kc8 Kb6
93.Re6+ Ka7 94.Rd6 Rh3 95.Rd7+ Kb6 96.Kb8 Rh8+  0-1

[Event "5th Karpov"]
[Site "Poikovsky RUS"]
[Date "2004.03.17"]
[Round "1"]
[White "Zvjaginsev,V"]
[Black "Onischuk,Al"]
[Result "1/2-1/2"]
[WhiteElo "2654"]
[BlackElo "2652"]

1.c4 e6 2.Nf3 d5 3.d4 Nf6 4.Nc3 Be7 5.Bf4 O-O 6.e3 c5 7.dxc5 Bxc5 8.cxd5 Nxd5
9.Nxd5 exd5 10.a3 Nc6 11.Bd3 Bb6 12.O-O d4 13.e4 Bg4 14.h3 Qf6 15.Bg3 Bh5
16.e5 Nxe5 17.Bxe5 Bxf3 18.Bxf6 Bxd1 19.Bxg7 Kxg7 20.Rfxd1 Rac8 21.Kf1 Rfe8
22.Rac1 Rxc1 23.Rxc1 h6 24.g3 Kf8 25.Kg2 Re6 26.Rc8+ Re8 27.Rc1 Re6 28.Kf3 Rf6+
29.Ke2  1/2-1/2

[Event "Rapid"]
[Site "Reykjavik ISL"]
[Date "2004.03.20"]
[Round "3.2"]
[White "Nielsen,PH"]
[Black "Kasparov,G"]
[Result "1/2-1/2"]
[WhiteElo "2638"]
[BlackElo "2831"]

1.d4 Nf6 2.c4 e6 3.Nf3 d5 4.Nc3 Be7 5.Bf4 O-O 6.e3 c5 7.dxc5 Bxc5 8.a3 Nc6
9.Rc1 a6 10.b4 Bd6 11.Bg5 a5 12.b5 Ne7 13.Bxf6 gxf6 14.a4 Bb4 15.Be2 dxc4
16.O-O Nd5 17.Na2 Nb6 18.Qc2 e5 19.Nxb4 axb4 20.Bxc4 Nxc4 21.Qxc4 Rxa4 22.Rfd1 Qb6
23.Nh4 Be6 24.Qe4 Qxb5 25.Qf3 Kg7 26.Nf5+ Bxf5 27.Qxf5 b3 28.Rd6 b2 29.Qxf6+ Kg8
30.Qg5+ Kh8 31.Qf6+  1/2-1/2

[Event "TCh-AUT 2003-4"]
[Site "Jenbach AUT"]
[Date "2004.03.21"]
[Round "11"]
[White "Ftacnik,L"]
[Black "Boensch,U"]
[Result "1-0"]
[WhiteElo "2582"]
[BlackElo "2545"]

1.d4 d5 2.c4 e6 3.Nf3 Nf6 4.Nc3 Be7 5.Bf4 c5 6.dxc5 Na6 7.e3 Nxc5 8.cxd5 Nxd5
9.Nxd5 exd5 10.Be5 O-O 11.Be2 Be6 12.O-O Rc8 13.Rc1 Qd7 14.Nd4 a6 15.Nxe6 fxe6
16.Qd4 Bd6 17.Bxd6 Qxd6 18.Rfd1 Nd7 19.Rxc8 Rxc8 20.e4 Qb6 21.exd5 Qxd4 22.Rxd4 Rc1+
23.Bd1 exd5 24.Rxd5 Nb6 25.Rd8+ Kf7 26.Kf1 Na4 27.Ke2 Nxb2 28.Bb3+ Ke7 29.Rh8 h6
30.Rg8 Kf6 31.Rf8+ Kg6 32.Kd2 Rc6 33.Bc2+ Kh5 34.Be4 Rb6 35.Rc8 Na4 36.Rc7 Rb2+
37.Ke3 g5 38.Bd5 b5 39.Bf7+ Kg4 40.Rc6 Kf5 41.Rxh6 Nc3 42.g4+ Ke5 43.Re6+ Kd5
44.Kd3 Na4 45.Rxa6+ Kc5 46.Rf6 Kb4 47.Rf5 Nc5+ 48.Ke3 Na4 49.Rxg5 Nc3 50.Kf3 Nxa2
51.h4 Nc3 52.Re5  1-0

[Event "It"]
[Site "Rishon le Zion ISR"]
[Date "2004.03.22"]
[Round "3"]
[White "Bykhovsky,Av"]
[Black "Ganor,D"]
[Result "1-0"]
[WhiteElo "2439"]
[BlackElo "2317"]

1.d4 d5 2.c4 e6 3.Nc3 Nf6 4.Nf3 Be7 5.Bf4 O-O 6.e3 c5 7.dxc5 Bxc5 8.a3 dxc4
9.Qc2 b5 10.Nxb5 Qa5+ 11.Nc3 Ba6 12.Nd2 Nd5 13.Nxc4 Bxc4 14.Bxc4 Nxf4 15.exf4 Rc8
16.Bd3 Bb4 17.O-O Bxc3 18.Bxh7+ Kf8 19.Be4 Nc6 20.bxc3 f5 21.Bxc6 Rxc6 22.c4 Rac8
23.Qe2 Qa6 24.Rfe1 Kf7 25.Qh5+ Kg8 26.Qg6 Qxc4 27.g3 Rd8 28.Rad1 Rcd6 29.Rc1 Qd5
30.Rc7 R6d7 31.Rxd7 Qxd7 32.Qxe6+ Qxe6 33.Rxe6 Kf7 34.Ra6 Rd7 35.h4 g6 36.Kg2 Kg7
37.h5 gxh5 38.Kh3 Rd2 39.Kh4 Rxf2 40.Kxh5 Rf3 41.Kg5 Rxg3+ 42.Kxf5 Rb3 43.Rxa7+ Kf8
44.a4 Rb6 45.Kg5 Rc6 46.a5 Rd6 47.f5 Rc6 48.a6 Rb6 49.Ra8+ Kg7 50.a7 Ra6
51.f6+ Kf7 52.Rh8  1-0